175 Dibuxos de Castelao (Record no. 188068)

MARC details
000 -LEADER
campo de control de longitud fija 00986nam a2200229 i 4500
001 - NÚMERO DE CONTROL
campo de control 188068
003 - IDENTIFICADOR DE NÚMERO DE CONTROL
campo de control SpMaBN
005 - FECHA Y HORA DE LA ÚLTIMA TRANSACCIÓN
campo de control 20250917063103.0
008 - DATOS DE LONGITUD FIJA--INFORMACIÓN GENERAL
campo de control de longitud fija 180424s1976 sp af |||| | glg
020 ## - NÚMERO INTERNACIONAL ESTÁNDAR DEL LIBRO
Número Internacional Estándar del Libro 84-7231-066-3
080 ## - NÚMERO DE LA CLASIFICACIÓN DECIMAL UNIVERSAL
Número de la Clasificación Decimal Universal 74 Rodríguez Castelao, Alfonso
100 1# - ENTRADA PRINCIPAL--NOMBRE DE PERSONA
Nombre de persona Castelao,
Fechas asociadas al nombre 1886-1950
9 (RLIN) 36475
245 10 - MENCIÓN DEL TÍTULO
Título 175 Dibuxos de Castelao
Resto del título : patrimonio artístico de la Caixa de Aforros de Galicia = Caja de Ahorros de Galicia /
Mención de responsabilidad, etc. [liminar por Xose Filgueira Valverde].
250 ## - MENCION DE EDICION
Mención de edición Ed. especial
Resto de la mención de edición Ed. no venal.
260 ## - PUBLICACIÓN, DISTRIBUCIÓN, ETC.
Lugar de publicación, distribución, etc. [Santiago de Compostela] :
Nombre del editor, distribuidor, etc. Confederación Española de Cajas de Ahorros :
-- Servicio de Publicaciones de la Caja de Ahorros de Galicia,
Fecha de publicación, distribución, etc. [1976]
300 ## - DESCRIPCIÓN FÍSICA
Extensión [9] p. :
Otras características físicas il., [165] h. de lám. ;
Dimensiones 34 cm.
600 14 - PUNTO DE ACCESO ADICIONAL DE MATERIA--NOMBRE DE PERSONA
Nombre de persona Castelao,
Fechas asociadas al nombre 1886-1950
9 (RLIN) 36475
700 1# - ENTRADA AGREGADA--NOMBRE PERSONAL
Nombre de persona Filgueira Valverde, José,
Fechas asociadas al nombre 1906-1996
9 (RLIN) 50833
710 2# - ENTRADA AGREGADA--NOMBRE DE ENTIDAD CORPORATIVA
Nombre de entidad corporativa o nombre de jurisdicción como elemento de entrada Confederación Española de Cajas de Ahorros.
9 (RLIN) 3148
852 ## - LOCALIZACIÓN
Ubicación ES-MaACL
Número de control de estantería L-31948
Holdings
Estatus retirado Estado de pérdida Estado de daño No para préstamo Biblioteca de origen Biblioteca actual Ubicación en estantería Fecha de adquisición Fuente de adquisición Total de préstamos Signatura topográfica completa Código de barras Visto por última vez Precio de reemplazo Tipo de ítem Koha
        Biblioteca del Ateneo de Madrid Biblioteca del Ateneo de Madrid Depósito 2 24/04/2018     L-31948 1198758 23/02/2023 23/02/2023 Libro impreso